{"text_format":"3","workbook":"xlsx","n_sheets":1,"sheets":["Протокол ШЭ ВОШ по предмету"],"not_rendered":{"defined_names":1},"read":"whole","date_system":"1900"}

{"sheet":"Протокол ШЭ ВОШ по предмету","index":0,"n_rows":92,"n_cols":15,"rows_kept":92}
["№","Фамилия","Имя","Отчество","Дата рождения","Пол","Участник с ОВЗ (да/нет)","Класс обучения","Класс участия","Балл","Максимальный балл","Статус","Призёр муниципального этапа прошлого года","ФИО учителя","Место работы учителя"]
[49,"Бигеева"," София ","Рафаэлевна","2011-09-22","ж","нет",5,5,16,25,"призер","нет","Николаева Ирина Владимировна","МБОУ \"Многопрофильный лицей № 37\" НМР РТ"]
[50,"Ваструкова ","Екатерина"," Андреевна","2010-11-27","ж","нет",5,5,7,25,"участник","нет","Николаева Ирина Владимировна","МБОУ \"Многопрофильный лицей № 37\" НМР РТ"]
[51,"Гатина"," Лейла "," Ренатовна","2011-04-07","ж","нет",5,5,4,25,"участник","нет","Николаева Ирина Владимировна","МБОУ \"Многопрофильный лицей № 37\" НМР РТ"]
[52,"Гильмуллина ","Айсылу "," Ильнуровна","2011-02-01","ж","нет",5,5,5,25,"участник","нет","Николаева Ирина Владимировна","МБОУ \"Многопрофильный лицей № 37\" НМР РТ"]
[53,"Дарьина ","Мария ","Витальевна","2010-10-12","ж","нет",5,5,8,25,"участник","нет","Николаева Ирина Владимировна","МБОУ \"Многопрофильный лицей № 37\" НМР РТ"]
[54,"Загидуллина ","Диляра ","Райхановна","2011-03-05","ж","нет",5,5,3,25,"участник","нет","Николаева Ирина Владимировна","МБОУ \"Многопрофильный лицей № 37\" НМР РТ"]
[55,"Ильясов ","Тимур"," Айдарович","2010-12-09","м","нет",5,5,8,25,"участник","нет","Николаева Ирина Владимировна","МБОУ \"Многопрофильный лицей № 37\" НМР РТ"]
[56,"Кагарманов ","Арсений ","Тимурович","2010-12-29","м","нет",5,5,9,25,"участник","нет","Николаева Ирина Владимировна","МБОУ \"Многопрофильный лицей № 37\" НМР РТ"]
[57,"Кашин"," Кирилл ","Максимович","2011-02-02","м","нет",5,5,7,25,"участник","нет","Николаева Ирина Владимировна","МБОУ \"Многопрофильный лицей № 37\" НМР РТ"]
[58,"Керимова ","Лилита"," Руслановна","2011-07-05","ж","нет",5,5,6,25,"участник","нет","Николаева Ирина Владимировна","МБОУ \"Многопрофильный лицей № 37\" НМР РТ"]
[59,"Кожевников ","Илья ","Михайлович","2011-08-20","м","нет",5,5,10,25,"участник","нет","Николаева Ирина Владимировна","МБОУ \"Многопрофильный лицей № 37\" НМР РТ"]
[60,"Королев ","Кирилл ","Николаевич","2011-02-07","м","нет",5,5,8,25,"участник","нет","Николаева Ирина Владимировна","МБОУ \"Многопрофильный лицей № 37\" НМР РТ"]
[61,"Миронов ","Егор ","Александрович","2010-10-24","м","нет",5,5,9,25,"участник","нет","Николаева Ирина Владимировна","МБОУ \"Многопрофильный лицей № 37\" НМР РТ"]
[62,"Мухаметдинова ","Кира ","Ленаровна","2011-03-21","ж","нет",5,5,18,25,"победитель","нет","Николаева Ирина Владимировна","МБОУ \"Многопрофильный лицей № 37\" НМР РТ"]
[63,"Новикова ","Алёна ","Артемовна","2011-08-03","ж","нет",5,5,5,25,"участник","нет","Николаева Ирина Владимировна","МБОУ \"Многопрофильный лицей № 37\" НМР РТ"]
[64,"Панадий ","Сергей ","Дмитриевич","2011-01-14","м","нет",5,5,7,25,"участник","нет","Николаева Ирина Владимировна","МБОУ \"Многопрофильный лицей № 37\" НМР РТ"]
[65,"Петров ","Артём ","Эдуардович","2011-08-31","м","нет",5,5,5,25,"участник","нет","Николаева Ирина Владимировна","МБОУ \"Многопрофильный лицей № 37\" НМР РТ"]
[66,"Подбержина ","Елизавета ","Андреевна","2011-06-27","ж","нет",5,5,10,25,"участник","нет","Николаева Ирина Владимировна","МБОУ \"Многопрофильный лицей № 37\" НМР РТ"]
[67,"Рахматуллин ","Реваль ","Раилевич","2011-07-16","м","нет",5,5,4,25,"участник","нет","Николаева Ирина Владимировна","МБОУ \"Многопрофильный лицей № 37\" НМР РТ"]
[68,"Салаватова ","Аделина ","Ринатовна","2011-02-09","ж","нет",5,5,10,25,"участник","нет","Николаева Ирина Владимировна","МБОУ \"Многопрофильный лицей № 37\" НМР РТ"]
[69,"Ульянин ","Николай ","Владимирович","2011-03-15","м","нет",5,5,16,25,"призер","нет","Николаева Ирина Владимировна","МБОУ \"Многопрофильный лицей № 37\" НМР РТ"]
[70,"Утробин ","Алексей ","Ильич","2011-08-12","м","нет",5,5,8,25,"участник","нет","Николаева Ирина Владимировна","МБОУ \"Многопрофильный лицей № 37\" НМР РТ"]
[71,"Хамидуллин ","Ислам"," Ильмирович","2011-06-17","м","нет",5,5,15,25,"участник","нет","Николаева Ирина Владимировна","МБОУ \"Многопрофильный лицей № 37\" НМР РТ"]
[72,"Хисметова ","Самира"," Алмазовна","2011-12-13","ж","нет",5,5,10,25,"участник","нет","Николаева Ирина Владимировна","МБОУ \"Многопрофильный лицей № 37\" НМР РТ"]
[73,"Чувашов ","Данил ","Михайлович","2010-11-20","м","нет",5,5,4,25,"участник","нет","Николаева Ирина Владимировна","МБОУ \"Многопрофильный лицей № 37\" НМР РТ"]
[74,"Чумакова ","Милена ","Всеволодовна","2011-03-16","ж","нет",5,5,8,25,"участник","нет","Николаева Ирина Владимировна","МБОУ \"Многопрофильный лицей № 37\" НМР РТ"]
[39,"Музафарова","Милана","Раилевна","2009-12-17","ж","нет",6,6,12,55,"участник","нет","Николаева Ирина Владимировна","МБОУ \"Многопрофильный лицей № 37\" НМР РТ"]
[40,"Мустафина","Камилла","Динаровна","2010-06-07","ж","нет",6,6,23,55,"участник","нет","Николаева Ирина Владимировна","МБОУ \"Многопрофильный лицей № 37\" НМР РТ"]
[41,"Юлмухаметов ","Рамир ","Рамилевич","2009-11-29","м","нет",6,6,30,55,"победитель","нет","Николаева Ирина Владимировна","МБОУ \"Многопрофильный лицей № 37\" НМР РТ"]
[42,"Ахмадиева","Зиля","Рустемовна","2010-06-15","ж","нет",6,6,18,55,"участник","нет","Николаева Ирина Владимировна","МБОУ \"Многопрофильный лицей № 37\" НМР РТ"]
[43,"Гришин","Егор","Максимович","2010-04-04","м","нет",6,6,25,55,"призер","нет","Николаева Ирина Владимировна","МБОУ \"Многопрофильный лицей № 37\" НМР РТ"]
[44,"Шандренкова","Анастасия","Александровна","2010-01-25","ж","нет",6,6,25,55,"призер","нет","Николаева Ирина Владимировна","МБОУ \"Многопрофильный лицей № 37\" НМР РТ"]
[45,"Гилязова","Ралина","Рустамовна","2010-10-06","ж","нет",6,6,23,55,"участник","нет","Николаева Ирина Владимировна","МБОУ \"Многопрофильный лицей № 37\" НМР РТ"]
[46,"Сафин","Амир","Ренатович","2009-12-18","м","нет",6,6,18,55,"участник","нет","Николаева Ирина Владимировна","МБОУ \"Многопрофильный лицей № 37\" НМР РТ"]
[47,"Гудкова","Маргарита","Игоревна","2010-07-25","ж","нет",6,6,17,55,"участник","нет","Николаева Ирина Владимировна","МБОУ \"Многопрофильный лицей № 37\" НМР РТ"]
[48,"Гилязова","Ралина","Рустамовна","6,10,2010","ж","нет",6,6,20,55,"участник","нет","Николаева Ирина Владимировна","МБОУ \"Многопрофильный лицей № 37\" НМР РТ"]
[21,"Алиева","Айгуль","Айратовна","2009-02-09","ж","нет",7,7,11,50,"участник","нет","Николаева Ирина Владимировна","МБОУ \"Многопрофильный лицей № 37\" НМР РТ"]
[22,"Платонова ","Дарья","Вячеславовна","2009-05-21","ж","нет",7,7,12,50,"участник","нет","Николаева Ирина Владимировна","МБОУ \"Многопрофильный лицей № 37\" НМР РТ"]
[23,"Абдуллин","Эмир","Эльнарович","2009-01-03","м","нет",7,7,16,50,"участник","нет","Николаева Ирина Владимировна","МБОУ \"Многопрофильный лицей № 37\" НМР РТ"]
[24,"Мухлисов","Айнур","Ренатович","2009-08-13","м","нет",7,7,18,50,"участник","нет","Николаева Ирина Владимировна","МБОУ \"Многопрофильный лицей № 37\" НМР РТ"]
[25,"Гайдуллин","Ярослав","Владимирович","2009-07-23","м","нет",7,7,36,50,"призер","нет","Николаева Ирина Владимировна","МБОУ \"Многопрофильный лицей № 37\" НМР РТ"]
[26,"Ульданов","Рафиль","Ниязович","2009-01-22","м","нет",7,7,30,50,"участник","нет","Николаева Ирина Владимировна","МБОУ \"Многопрофильный лицей № 37\" НМР РТ"]
[27,"Усманова ","Малика","Айратовна","26,02,2009","ж","нет",7,7,16,50,"участник","нет","Николаева Ирина Владимировна","МБОУ \"Многопрофильный лицей № 37\" НМР РТ"]
[28,"Ботнарь","Полина","Евгеньевна","2009-01-22","ж","нет",7,7,14,50,"участник","нет","Николаева Ирина Владимировна","МБОУ \"Многопрофильный лицей № 37\" НМР РТ"]
[29,"Ибрагимов","Данис","Азатович","2009-07-22","м","нет",7,7,15,50,"участник","нет","Николаева Ирина Владимировна","МБОУ \"Многопрофильный лицей № 37\" НМР РТ"]
[30,"Нагорнова","Виктория","Максимовна","2009-08-28","ж","нет",7,7,13,50,"участник","нет","Николаева Ирина Владимировна","МБОУ \"Многопрофильный лицей № 37\" НМР РТ"]
[31,"Смирнов","Виталий","Вячеславович","2009-01-25","м","нет",7,7,15,50,"участник","нет","Николаева Ирина Владимировна","МБОУ \"Многопрофильный лицей № 37\" НМР РТ"]
[32,"Залалетдинова ","Аделя","Линаровна","2008-12-22","ж","нет",7,7,40,50,"победитель","нет","Николаева Ирина Владимировна","МБОУ \"Многопрофильный лицей № 37\" НМР РТ"]
[33,"Салахова","София","Ильшатовна","2009-10-27","ж","нет",7,7,12,50,"участник","нет","Николаева Ирина Владимировна","МБОУ \"Многопрофильный лицей № 37\" НМР РТ"]
[34,"Козина","Анна","Алексеевна","2009-09-10","ж","нет",7,7,24,50,"участник","нет","Николаева Ирина Владимировна","МБОУ \"Многопрофильный лицей № 37\" НМР РТ"]
[35,"Утробин","Андрей","Ильич","2009-01-07","м","нет",7,7,12,50,"участник","нет","Николаева Ирина Владимировна","МБОУ \"Многопрофильный лицей № 37\" НМР РТ"]
[36,"Фомина","Аделина","Дмитриевна","2009-11-14","ж","нет",7,7,6,50,"участник","нет","Николаева Ирина Владимировна","МБОУ \"Многопрофильный лицей № 37\" НМР РТ"]
[37,"Магданурова ","Ильдана","Руслановна","2009-08-05","ж","нет",7,7,15,50,"участник","нет","Николаева Ирина Владимировна","МБОУ \"Многопрофильный лицей № 37\" НМР РТ"]
[38,"Нургалиева","Амина","Линаровна","2009-05-13","ж","нет",7,7,15,50,"участник","нет","Николаева Ирина Владимировна","МБОУ \"Многопрофильный лицей № 37\" НМР РТ"]
[11,"Крутикова","Елизавета","Александровна","2008-03-14","ж","нет",8,8,38,61,"призер","нет","Николаева Ирина Владимировна","МБОУ \"Многопрофильный лицей № 37\" НМР РТ"]
[12,"Сбитнев","Артем","Юрьевич","2008-11-25","м","нет",8,8,17,61,"участник","нет","Николаева Ирина Владимировна","МБОУ \"Многопрофильный лицей № 37\" НМР РТ"]
[13,"Даутов","Булат","Романович","2008-02-04","м","нет",8,8,15,61,"участник","нет","Николаева Ирина Владимировна","МБОУ \"Многопрофильный лицей № 37\" НМР РТ"]
[14,"Гилязетдинов","Данис","Рустамович","2008-09-26","м","нет",8,8,17,61,"участник","нет","Николаева Ирина Владимировна","МБОУ \"Многопрофильный лицей № 37\" НМР РТ"]
[15,"Виноградова","Анастасия","Сергеевна","2008-11-08","ж","нет",8,8,16,61,"участник","нет","Николаева Ирина Владимировна","МБОУ \"Многопрофильный лицей № 37\" НМР РТ"]
[16,"Темиргазина","Динара","Данилевна","2008-08-10","ж","нет",8,8,40,61,"победитель","нет","Николаева Ирина Владимировна","МБОУ \"Многопрофильный лицей № 37\" НМР РТ"]
[17,"Лаврентьева","Екатерина","Андреевна","2008-02-08","ж","нет",8,8,20,61,"участник","нет","Николаева Ирина Владимировна","МБОУ \"Многопрофильный лицей № 37\" НМР РТ"]
[18,"Мулюкова","Алия","Алмазовна","2008-09-18","ж","нет",8,8,15,61,"участник","нет","Николаева Ирина Владимировна","МБОУ \"Многопрофильный лицей № 37\" НМР РТ"]
[19,"Никифорова","Карина","Денисовна","2008-07-17","ж","нет",8,8,13,61,"участник","нет","Николаева Ирина Владимировна","МБОУ \"Многопрофильный лицей № 37\" НМР РТ"]
[20,"Гайнуллин","Ралиф","Русланович","2008-12-30","ж","нет",8,8,16,61,"участник","нет","Николаева Ирина Владимировна","МБОУ \"Многопрофильный лицей № 37\" НМР РТ"]
[1,"Николаев","Владислав","Юрьевич","02,02,2007","м","нет",9,9,14,60,"участник","нет","Николаева Ирина Владимировна","МБОУ \"Многопрофильный лицей № 37\" НМР РТ"]
[2,"Смелова","Таисия","Алексеевна","2007-09-09","ж","нет",9,9,13,60,"участник","нет","Николаева Ирина Владимировна","МБОУ \"Многопрофильный лицей № 37\" НМР РТ"]
[3,"Волков","Никита","Витальевич","2007-08-30","м","нет",9,9,12,60,"участник","нет","Николаева Ирина Владимировна","МБОУ \"Многопрофильный лицей № 37\" НМР РТ"]
[4,"Ахметова","Гузель","Ренатовна","2007-04-24","ж","нет",9,9,11,60,"участник","нет","Николаева Ирина Владимировна","МБОУ \"Многопрофильный лицей № 37\" НМР РТ"]
[5,"Мирзагитов ","Рифат","Айратович","2007-12-02","м","нет",9,9,30,60,"победитель","нет","Николаева Ирина Владимировна","МБОУ \"Многопрофильный лицей № 37\" НМР РТ"]
[6,"Солодовников","Матвей","Алексеевич","2007-02-16","м","нет",9,9,11,60,"участник","нет","Николаева Ирина Владимировна","МБОУ \"Многопрофильный лицей № 37\" НМР РТ"]
[7,"Хамидуллина","Гульшат ","Ильмировна","2007-03-22","ж","нет",9,9,10,60,"участник","нет","Николаева Ирина Владимировна","МБОУ \"Многопрофильный лицей № 37\" НМР РТ"]
[8,"Смирнов","Артем","Сергеевич","2007-08-27","м","нет",9,9,28,60,"призер","нет","Николаева Ирина Владимировна","МБОУ \"Многопрофильный лицей № 37\" НМР РТ"]
[9,"Макарова","Ирииина ","Дмитриевна","2007-04-29","ж","нет",9,9,7,60,"участник","нет","Николаева Ирина Владимировна","МБОУ \"Многопрофильный лицей № 37\" НМР РТ"]
[10,"Алекссандров ","Владислав ","Сергеевич","2007-06-16","м","нет",9,9,12,60,"участник","нет","Николаева Ирина Владимировна","МБОУ \"Многопрофильный лицей № 37\" НМР РТ"]
[75,"Плеханов ","Олег ","Владимирович","2006-05-29","м","нет",10,10,13,65,"участник","нет","Николаева Ирина Владимировна","МБОУ \"Многопрофильный лицей № 37\" НМР РТ"]
[76,"Каранаева"," Диана ","Вадимовна","2006-10-20","ж","нет",10,10,24,65,"участник","нет","Николаева Ирина Владимировна","МБОУ \"Многопрофильный лицей № 37\" НМР РТ"]
[77,"Лебедева ","Вероника ","Андреевна","2005-12-05","ж","нет",10,10,39,65,"призер","нет","Николаева Ирина Владимировна","МБОУ \"Многопрофильный лицей № 37\" НМР РТ"]
[78,"Садыкова ","Самира ","Ренатовна","2006-09-22","ж","нет",10,10,12,65,"участник","нет","Николаева Ирина Владимировна","МБОУ \"Многопрофильный лицей № 37\" НМР РТ"]
[79,"Музафарова ","Камиля ","Ленаровна","2006-10-03","ж","нет",10,10,16,65,"участник","нет","Николаева Ирина Владимировна","МБОУ \"Многопрофильный лицей № 37\" НМР РТ"]
[80,"Перцева ","Ксения ","Александровна","2006-03-30","ж","нет",10,10,16,65,"участник","нет","Николаева Ирина Владимировна","МБОУ \"Многопрофильный лицей № 37\" НМР РТ"]
[81,"Косова "," Екатерина"," Алексеевна","2005-12-27","ж","нет",10,10,18,65,"участник","нет","Николаева Ирина Владимировна","МБОУ \"Многопрофильный лицей № 37\" НМР РТ"]
[82,"Васильева ","Дарья ","Викторовна","2006-01-21","ж","нет",10,10,19,65,"участник","нет","Николаева Ирина Владимировна","МБОУ \"Многопрофильный лицей № 37\" НМР РТ"]
[83,"Кузнецов ","Никита ","Артемович","2006-07-18","м","нет",10,10,14,65,"участник","нет","Николаева Ирина Владимировна","МБОУ \"Многопрофильный лицей № 37\" НМР РТ"]
[84,"Юдина"," Анастасия ","Михайловна","2006-06-17","ж","нет",10,10,30,65,"участник","нет","Николаева Ирина Владимировна","МБОУ \"Многопрофильный лицей № 37\" НМР РТ"]
[85,"Вагаманова ","Альфина"," Альфредовна","2007-01-25","ж","нет",10,10,11,65,"участник","нет","Николаева Ирина Владимировна","МБОУ \"Многопрофильный лицей № 37\" НМР РТ"]
[86,"Латыпова"," Лия ","Марселевна","2006-09-24","ж","нет",10,10,26,65,"участник","нет","Николаева Ирина Владимировна","МБОУ \"Многопрофильный лицей № 37\" НМР РТ"]
[87,"Николаева ","Аида ","Михайловна","2006-08-13","ж","нет",10,10,30,65,"участник","нет","Николаева Ирина Владимировна","МБОУ \"Многопрофильный лицей № 37\" НМР РТ"]
[88,"Миронова ","Дарья ","Александровна","2006-04-19","ж","нет",10,10,27,65,"участник","нет","Николаева Ирина Владимировна","МБОУ \"Многопрофильный лицей № 37\" НМР РТ"]
[89,"Исакиева ","Миланья"," Юрьевна","2006-01-26","ж","нет",10,10,22,65,"участник","нет","Николаева Ирина Владимировна","МБОУ \"Многопрофильный лицей № 37\" НМР РТ"]
[90,"Ашрафзянова ","Камилла ","Руслановна","2005-12-18","ж","нет",10,10,24,65,"участник","нет","Николаева Ирина Владимировна","МБОУ \"Многопрофильный лицей № 37\" НМР РТ"]
[91,"Пархоменко ","Яна ","Евгеньевна","2006-02-09","ж","нет",10,10,40,65,"победитель","нет","Николаева Ирина Владимировна","МБОУ \"Многопрофильный лицей № 37\" НМР РТ"]